Statystyki dla 15 najbardziej dotkniętych krajów Covid-19; 11 listopada

Kliknij tutaj aby rozwiązać quiz!

Ogólne statystyki

  • Ten quiz został rozwiązany 34 razy
  • Średni wynik to 12 z 25

Statystyki odpowiedzi

kraj% Poprawnych
Stany Zjednoczone
97%
Włochy
91%
Rosja
88%
Francja
81%
Niemcy
81%
Hiszpania
75%
Wielka Brytania
75%
Indie
69%
Brazylia
66%
Meksyk
63%
Argentyna
50%
Kolumbia
44%
Belgia
41%
Czechy
38%
Chile
34%
Iran
34%
Peru
34%
Republika
Południowej Afryki
31%
Izrael
16%
Panama
16%
Szwajcaria
16%
Katar
13%
Kuwejt
13%
Armenia
9%
Bahrajn
9%

Rozkład punktacji

Percentyl według liczby udzielonych odpowiedzi

Procent ludzi z każdym wynikiem

Twoja historia wyników

Nie rozwiązałeś tego quizu